LEADER 01484nam a2200349 u 4500 001 000000080417 003 CaOOAMICUS 005 20070226123638.0 008 040924s1999 it u000 u ita u 020 $a8837217366 (Morcelliana) 020 $a8870300749 (Massimo) 035 $a11008435 040 $aPUL$bita 041 1 $aita$hger 100 1 $aPieper, Josef,$d1904-1997.$0(OLS)http://pul/name/11695 240 10$aTraktat über die Klugheit.$lItaliano.$0(OLS)http://pul/title/105316 245 13$aLa prudenza /$cJosef Pieper ; prefazione di Giovanni Santambrogio. 260 $aBrescia :$bMorcelliana ;$aMilano :$bMassimo,$c1999. 300 $a86 p. ;$c19 cm 490 1 $aIl pellicano 504 $aRiferimenti bibliografici in nota. 650 4$aVirtù cardinali.$0(OLS)http://pul/subject/23327 700 1 $aSantambrogio, Giovanni.$0(OLS)http://pul/name/53598 830 3$aIl pellicano (Morcelliana).$0(OLS)http://pul/title/78156 850 $aPUL 852 $aPUL$W1$xSL Religione 3$y85$m241 PIEJO 1$j102702$nBK-PRI$qDDC 21$B102702$CPULBib$Z2$F102702 $H97806 $82 941 1 $a9 996 $6020$a8837217366 (Morcelliana)$9(OLS)http://pul/number/106340 996 $6020$a8870300749 (Massimo)$9(OLS)http://pul/number/106341 996 $6245$aLa prudenza$9(OLS)http://pul/title/105317 996 $6260$aBrescia :$bMorcelliana$9(OLS)http://pul/publisher/47854 996 $6260$aMilano :$bMassimo$9(OLS)http://pul/publisher/48143 LEADER 01205nam a2200277 a 4500 001 000000154143 003 CaOOAMICUS 005 20160921120656.0 008 160921s1991 it u000 u ita r 020 $a882010055X* 032 $aLibriCat 040 $aPUL$bita 100 1 $aGalante Garrone, Alessandro,$d1909-2003.$0(OLS)http://pul/name/40560 245 10$aDiritto & economia :$bil œgiusto e l'utile: elementi di educazione civica, giuridica, economica /$cAlessandro Galante Garrone. 250 $aNuova ed. 260 $aTorino :$bLoescher,$c1991. 300 $aVIII, 402 p. ;$c24 cm. 500 $aIn appendice: Costituzione della Repubblica italiana. 650 4$aEconomia e diritto.$0(OLS)http://pul/subject/22639 850 $aPUL 852 $aPUL$W1$xDP1 Fondo G. Barberini$y122$m4 E 83$j177198$qFondi$B180122$CPULBib$Z2$F180122 $HBar836 $81 941 1 $a1 996 $6020$a882010055X*$9(OLS)http://pul/number/161108 996 $6245$aDiritto & economia :$bil œgiusto e l'utile: elementi di educazione civica, giuridica, economica$9(OLS)http://pul/title/193733 996 $6260$aTorino :$bLoescher$9(OLS)http://pul/publisher/48154